[Event "ISL-chT2 2122"]
[Site "Reykjavik"]
[Date "2021.10.02"]
[Round "3.3"]
[White "Haraldsson, Sigurjon"]
[Black "Thorsson, Bjarnsteinn"]
[Result "1/2-1/2"]
[WhiteElo "1841"]
[BlackElo "1638"]
[PlyCount "108"]
[EventDate "2021.10.01"]
[EventType "team-tourn"]
[EventRounds "7"]
[EventCountry "ISL"]
[SourceTitle "EXT 2024"]
[Source "ChessBase"]
[SourceDate "2023.10.10"]
[SourceVersion "1"]
[SourceVersionDate "2023.10.10"]
[SourceQuality "1"]
[WhiteTeam "Reykjavik KR"]
[BlackTeam "Gardabaer III"]
[WhiteTeamCountry "ISL"]
[BlackTeamCountry "ISL"]

1. c4 Nf6 2. Nc3 g6 3. e4 Nc6 4. d4 d6 5. d5 Nb8 6. Be2 c6 7. Nf3 Bg7 8. 0-0 0-0 9. h3 Nbd7 10. dxc6 bxc6 11. Qc2 Bb7 12. Be3 Qc7 13. c5 dxc5 14. Na4 Rfd8 15. Rac1 e6 16. Bg5 Ne5 17. Nxc5 Nxf3+ 18. Bxf3 Re8 19. Rfd1 Bc8 20. Bxf6 Bxf6 21. e5 Bg5 22. Ne4 Be7 23. Nd6 Rd8 24. Bxc6 Rb8 25. Bf3 Qxc2 26. Rxc2 Bb7 27. Nxb7 Rxd1+ 28. Bxd1 Rxb7 29. f4 Kg7 30. g3 g5 31. b3 gxf4 32. gxf4 Kg6 33. Rc4 Bf8 34. Kg2 Rd7 35. Bc2+ Kg7 36. Kf3 a5 37. f5 exf5 38. Bxf5 Re7 39. Rg4+ Kh8 40. Re4 Bg7 41. e6 fxe6 42. Rxe6 Rxe6 43. Bxe6 Bf8 44. Ke4 Kg7 45. Kd5 Kf6 46. Bg8 h6 47. Kc4 Bb4 48. Kb5 Ke7 49. Ka4 Kd6 50. a3 Bd2 51. Kb5 Kc7 52. b4 axb4 53. a4 Kb7 54. Bc4 Ka7 1/2-1/2

[Event "ISL-chT1 1920"]
[Site "Reykjavik"]
[Date "2021.05.15"]
[Round "7.4"]
[White "Thorsson, Bjarnsteinn"]
[Black "Mai, Alexander Oliver"]
[Result "0-1"]
[WhiteElo "1609"]
[BlackElo "2085"]
[PlyCount "72"]
[EventDate "2019.10.03"]
[EventType "team-tourn"]
[EventRounds "9"]
[EventCountry "ISL"]
[SourceTitle "EXT 2022"]
[Source "ChessBase"]
[SourceDate "2021.10.06"]
[SourceVersion "1"]
[SourceVersionDate "2021.10.06"]
[SourceQuality "1"]
[WhiteTeam "Taflfelag Gardjabaejar"]
[BlackTeam "Taflfelag Reykjavikur"]
[WhiteTeamCountry "ISL"]
[BlackTeamCountry "ISL"]

1. e4 c5 2. Nf3 d6 3. c3 Nf6 4. Qc2 Qc7 5. d3 g6 6. Be2 Bg7 7. h3 0-0 8. Be3 b6 9. Qd2 Re8 10. Na3 Bb7 11. Nc2 Nbd7 12. 0-0 d5 13. exd5 Nxd5 14. d4 cxd4 15. Ncxd4 Nxe3 16. Qxe3 a6 17. Rad1 e5 18. Nb3 Rac8 19. Nfd2 Nf6 20. c4 Qc6 21. f3 Nh5 22. Ne4 Bf8 23. Kh2 Nf4 24. g3 Nxe2 25. Qxe2 f5 26. Ned2 Bh6 27. Qf2 Rcd8 28. Nc1 Rd7 29. Ndb3 Rxd1 30. Rxd1 Qxf3 31. Rf1 Qxf2+ 32. Rxf2 f4 33. Nd3 f3 34. Nb4 e4 35. Nd5 Bxd5 36. cxd5 e3 0-1

[Event "Gardabaer Skakthing op"]
[Site "Gardabaer"]
[Date "2016.11.07"]
[Round "4"]
[White "Hallsson, Jon Eggert"]
[Black "Thorsson, Bjarnsteinn"]
[Result "0-1"]
[WhiteElo "1679"]
[BlackElo "1684"]
[PlyCount "72"]
[EventDate "2016.10.17"]
[EventType "swiss"]
[EventRounds "7"]
[EventCountry "ISL"]
[SourceTitle "EXT 2018"]
[Source "ChessBase"]
[SourceDate "2017.10.13"]
[SourceVersion "1"]
[SourceVersionDate "2017.10.13"]
[SourceQuality "1"]

1. e4 c5 2. Nc3 Nc6 3. g3 g6 4. Bg2 Bg7 5. Nf3 d6 6. 0-0 Nf6 7. h3 Rb8 8. d3 b5 9. Ne2 Bb7 10. c3 0-0 11. Nh4 d5 12. exd5 Nxd5 13. f4 e6 14. Nf3 a5 15. d4 cxd4 16. cxd4 Qb6 17. Kh2 Rfd8 18. a3 Rbc8 19. Rb1 Nde7 20. Be3 Nf5 21. Bf2 Ncxd4 22. Nfxd4 Nxd4 23. Bxb7 Qxb7 24. Nxd4 Bxd4 25. Qe1 Qb6 26. Qe2 b4 27. h4 b3 28. Rbd1 Bxf2 29. Rxd8+ Qxd8 30. Rxf2 Rc2 31. Qe3 Qd1 32. Kg2 h5 33. Kh2 a4 34. Qb6 Rc1 35. g4 Qg1+ 36. Kh3 hxg4# 0-1

[Event "Gardabaer Skakthing op"]
[Site "Gardabaer"]
[Date "2016.10.24"]
[Round "2"]
[White "Johannsson, Birkir Isak"]
[Black "Thorsson, Bjarnsteinn"]
[Result "1-0"]
[WhiteElo "1473"]
[BlackElo "1684"]
[PlyCount "115"]
[EventDate "2016.10.17"]
[EventType "swiss"]
[EventRounds "7"]
[EventCountry "ISL"]
[SourceTitle "EXT 2018"]
[Source "ChessBase"]
[SourceDate "2017.10.13"]
[SourceVersion "1"]
[SourceVersionDate "2017.10.13"]
[SourceQuality "1"]

1. d4 Nf6 2. c4 g6 3. Nc3 Bg7 4. e4 d6 5. f3 0-0 6. Be3 Nbd7 7. Qd2 e5 8. Nge2 a6 9. Nc1 c6 10. Be2 b5 11. a3 Nb6 12. b3 Be6 13. d5 cxd5 14. cxd5 Bd7 15. 0-0 Qc7 16. Nd3 Rfc8 17. Rac1 Qd8 18. Na2 Rxc1 19. Rxc1 Nc8 20. Qc3 Ne8 21. Ndb4 Ne7 22. Qd2 f5 23. Nc6 Bxc6 24. dxc6 fxe4 25. fxe4 Nc7 26. Nb4 d5 27. exd5 Nexd5 28. Nxd5 Qxd5 29. Qxd5+ Nxd5 30. Bg5 h5 31. Bf3 Nc7 32. Rd1 Ne6 33. Be7 Kf7 34. Rd7 Ke8 35. Rb7 Rc8 36. Bd6 Bf6 37. Ra7 Nd4 38. Be4 Nxc6 39. Bxg6+ Kd8 40. Rxa6 Kd7 41. Bf5+ Kxd6 42. Bxc8 Kc7 43. a4 bxa4 44. bxa4 e4 45. Ra8 Bd4+ 46. Kf1 Bb6 47. Ba6 Nb8 48. Ke2 e3 49. g3 Bc5 50. h3 Bd6 51. g4 hxg4 52. hxg4 Bf4 53. Bd3 Kb6 54. Be4 Nd7 55. Rd8 Nc5 56. Rd4 Ka5 57. Bc6 Kb6 58. Rxf4 1-0

[Event "Gardabaer op"]
[Site "Gardabaer"]
[Date "2015.10.26"]
[Round "1"]
[White "Mai, Alexander Oliver"]
[Black "Thorsson, Bjarnsteinn"]
[Result "1/2-1/2"]
[WhiteElo "1259"]
[BlackElo "1719"]
[PlyCount "107"]
[EventDate "2015.10.26"]
[EventType "swiss"]
[EventRounds "7"]
[EventCountry "ISL"]
[SourceTitle "EXT 2017"]
[Source "ChessBase"]
[SourceDate "2016.10.25"]
[SourceVersion "1"]
[SourceVersionDate "2016.10.25"]
[SourceQuality "1"]

1. e4 e6 2. d4 d5 3. Nd2 Nf6 4. e5 Nfd7 5. Bd3 c5 6. c3 Nc6 7. Ne2 Qb6 8. Nf3 cxd4 9. cxd4 Be7 10. 0-0 0-0 11. Bb1 Rd8 12. Qd3 Nf8 13. a3 f6 14. exf6 Bxf6 15. b4 a6 16. Be3 Bd7 17. Nc3 Ne7 18. Nd2 Be8 19. Nb3 Bg6 20. Qd2 Bxb1 21. Raxb1 Nf5 22. Na4 Qb5 23. Nc3 Qc4 24. Na5 Qc7 25. Rfc1 Qd7 26. Nb3 Rdc8 27. Nc5 Qe7 28. N3a4 Rc6 29. Rc2 Nd6 30. Nb2 Rac8 31. Rbc1 Nd7 32. Nxd7 Qxd7 33. a4 b5 34. a5 Rxc2 35. Rxc2 Rxc2 36. Qxc2 Nc4 37. Nxc4 dxc4 38. Qd2 Qc6 39. Qc3 Qd5 40. f3 Qf5 41. Kf2 Qb1 42. g3 Qb3 43. Bd2 Qb1 44. Qe3 Qf5 45. g4 Qd5 46. Bc3 Kf7 47. Qe4 g6 48. Ke3 Qg5+ 49. Qf4 Qxf4+ 50. Kxf4 g5+ 51. Ke4 Ke7 52. h3 Kd6 53. Bb2 Bg7 54. Bc3 1/2-1/2

[Event "ISL-ch op"]
[Site "Reykjavik"]
[Date "2013.06.04"]
[Round "6"]
[White "Thorsson, Bjarnsteinn"]
[Black "Kolka, Dawid"]
[Result "0-1"]
[WhiteElo "1836"]
[BlackElo "1657"]
[PlyCount "86"]
[EventDate "2013.05.31"]
[EventType "swiss"]
[EventRounds "10"]
[EventCountry "ISL"]
[SourceTitle "CBM 154 Extra"]
[Source "ChessBase"]
[SourceDate "2013.06.25"]
[SourceVersion "2"]
[SourceVersionDate "2013.06.25"]
[SourceQuality "1"]

1. e4 c6 2. c4 d5 3. Nc3 dxe4 4. Nxe4 Bf5 5. Ng3 Bg6 6. Nf3 Nf6 7. Ne5 Nbd7 8. Nxg6 hxg6 9. d4 e6 10. a3 Qc7 11. Qf3 Rh4 12. Be3 Qa5+ 13. Bd2 Qc7 14. Bc3 Qf4 15. Qxf4 Rxf4 16. Ne2 Rf5 17. g4 Nxg4 18. Bh3 Ndf6 19. Ng3 Rxf2 20. Nf1 Rf4 21. Bxg4 Rxg4 22. Ng3 Ne4 23. Nxe4 Rxe4+ 24. Kf2 Rh4 25. Kg3 Rh5 26. h4 0-0-0 27. b4 Bd6+ 28. Kg4 Rf5 29. Raf1 Rh8 30. Rxf5 gxf5+ 31. Kf3 Be7 32. h5 Rh7 33. Bd2 Bf6 34. Be3 a6 35. a4 Kd7 36. c5 g6 37. h6 Be7 38. Rb1 Bd8 39. b5 cxb5 40. axb5 axb5 41. Rxb5 Kc6 42. Rb1 g5 43. Rg1 f4 0-1